History Quiz

Random History Quiz

How Much Do You Know About the History of Whittier? Quiz Stats

 Plays Quiz not verified by Sporcle

Challenge
Share
Tweet
Embed
Score 0/44 Timer 17:00
0 Plays Today
Hint Answer % Correct
This Mexican governor of California had a rancho that encompassed the area of present-day WhittierPio Pico
92%
This religious group founded WhittierQuakers
77.9%
This institution was chartered as an academy in 1887 and a college in 1901Whittier College
68.1%
It is named for John Greenleaf Whittier, who won renown as one of thesePoet
65.5%
The U.S. President went to Whittier High School, Whittier College, and practiced law in WhittierRichard Nixon
64.6%
This other institution on Whittier's outskirts was first a reformatory and later a correctional facilityNelles School For Boys (Whittier State School)
63.7%
In 1987, Whittier was struck by a 5.7 magnitude one of theseEarthquake
59.3%
The oldest house in Whittier, located on Camilla Street, is associated with this manJonathan Bailey
54.9%
This highway was, at various times, El Camino Real, County Road, and US Route 101 Whittier Boulevard
47.8%
This park comprises the site of Mount Olive and Broadway CemeteriesFounder's Park
41.6%
Whittier was founded in this year1887
40.7%
This lumberman, oil baron and citrus farmer gave his name to a hospital and a neighborhoodSimon Murphy
36.3%
An arts festival is held around this historic treeParadox Hybrid Walnut Tree
34.5%
The former Union Pacific (LASL) tracks between Pioneer Blvd and Mills Avenue are today in use as... Greenway Trail
34.5%
There used to be a Latino shantytown on the Western edge of Whittier known as what?Jimtown
33.6%
The building that is today Starbucks, Crystal Marquis and the Commoner Bar was originally a...Bank (The National Trust and Savings Bank)
31.9%
This man was head of Whittier's Land and Water Company and gives his name to a major Whittier streetAquila Pickering
31%
The building that is now King Richards Antique Mall was originally one of theseCitrus Packing house
31%
This historic building was originally used by the Southern Pacific Railway and now sits across the street from the Doubletree HotelWhittier Depot
31%
Whittier High's Auditorium bears the name of this teacher, coach and mayorVic Lopez
31%
This road over the Puente Hills was completed in 1913Turnbull Canyon Road
31%
This was the east-west divide in Whittier's old address systemGreenleaf Avenue
30.1%
Hint Answer % Correct
This man served on the Whittier City Council from 1976 to 1984, and from 1990 to 2018Bob Henderson
28.3%
In this decade, Whittier annexed major portions of East Whittier and built its current City Hall and Library1950s
28.3%
This was the name of the group of buildings at Hadley and Greenleaf in the early 20th centuryFour Bricks
27.4%
Two-Star, Penn and Quaker Girl were all labels of theseOranges
27.4%
This Quaker booster served as mayor of Whittier and founded the National Bank of Whittier; a major Whittier street bears his nameWashington Hadley
26.5%
This was the north-south divide in Whittier's old address systemPhiladelphia Street
23.9%
Following the demolition of the Whittier Theater, this group was formed to advocate for preservation of the Whittier Hills and of historic buildingsWhittier Conservancy
22.1%
In this decade, Whittier contracted with Los Angeles County for fire services, and adopted the Los Angeles County street numbering system1960s
22.1%
This historic civic building once stood at the corner of Greenleaf and Bailey Carnegie Library
22.1%
This is the SECOND oldest congregation in Whittier, and the longest meeting at the same siteFirst Methodist Church
22.1%
And incorporated in this year1898
19.5%
The old bell outside Whittier City Hall is from this school, constructed in 1889 Bailey Street School
19.5%
These 'Big Red Cars' served Whittier from 1904 to 1936Pacific Electric Railway
17.7%
Whittier High School was founded in this year1900
17.7%
This female settler founded the Los Angeles Ebell Club & pioneered the growing of pampas grass & walnuts in WhittierHarriet Russell Strong
15.9%
This Quaker author was a graduate of Whittier CollegeJessamyn West
14.2%
This man was head of the Whittier Home Telephone Company and built the house today occupied by the President of Whittier CollegeAubrey Wardman
11.5%
Founded in 1887, this was the oldest school in the city of WhittierEvergreen School
8.8%
...and he sold the land around Whittier to this German immigrantJacob Gerkins
8.8%
Whittier College and Occidental College play for the shoes of this man, an All-American football player and later mayor of Whittier (Io Triumphe!)Myron Claxton
8%
It, Hoover Elementary School, and Whittier City Hall were designed by this architect William H. Harrison
8%
The area that is today's Whittier Historic Neighborhood Association was originally a tract belonging to this manC. W. Harvey
4.4%

You're not logged in!

Compare scores with friends on all Sporcle quizzes.
OR
Log In

You Might Also Like...

Show Comments

Extras

Top Quizzes Today


Score Distribution

Your Account Isn't Verified!

In order to create a playlist on Sporcle, you need to verify the email address you used during registration. Go to your Sporcle Settings to finish the process.

Report this User

Report this user for behavior that violates our Community Guidelines.

Details: